Statistics for Arsenal squad 2019-2020

Click here to take the quiz!

General Stats

  • This quiz has been taken 1,059 times
    (1,029 since last reset)
  • The average score is 19 of 27

Answer Stats

PositionNationNumberPlayer% Correct
GKGermany1Bernd Leno
98%
RBSpain2Hector Bellerin
95%
STFrance9Alexandre Lacazette
93%
STGabon14Pierre-Emerick Aubameyang
91%
CAMGermany10Mesut Ozil
90%
CBGreece5Sokratis
89%
RWIvory Coast19Nicolas Pepe
83%
CMSwitzerland34Granit Xhaka
82%
CDMEgypt4Mohamed Elneny
82%
CBBrazil23David Luiz
79%
CBGermany20Shkodran Mustafi
78%
CBEngland16Rob Holding
76%
CMUruguay11Lucas Torreira
75%
GKArgentina26Emiliano Martinez
72%
LBBosnia31Sead Kolasinac
72%
CMSpain8Dani Ceballos
71%
CoachSpain-Unai Emery
70%
LBSpain18Nacho Monreal
68%
CBEngland21Calum Chambers
66%
CBFrance6Laurent Koscielny
61%
RWArmenia7Henrikh Mkhitaryan
60%
CMFrance29Matteo Guendouzi
60%
LMEngland15Ainsley Maitland-Niles
48%
CBGreece27Konstantinos Mavropanos
48%
LBScotland3Kieran Tierney
48%
RWEngland24Reiss Nelson
35%
CBEngland25Carl Jenkinson
14%

Score Distribution

Percentile by Number Answered

Percent of People with Each Score

Your Score History

You have not taken this quiz since the last reset